000 00329nam a2200133Ia 4500
008 230818s1988 xx 000 0 und d
041 _aeng
100 _aJones
245 _aFood Service Operations
260 _bCassell
_c1988
300 _a270p
520 _aHard Board | Reference Copy
999 _c854051
_d854051
650 _aFood and Beverage service